000 00403nam a22001457a 4500
005 20170726160702.0
008 170726b xxu||||| |||| 00| 0 eng d
020 _a978-81-933475-9-1
041 _aeng
100 _aMANNA, MANPREET SINGH.
_93889
245 _aHIGHER EDUCATION FACULTY CAREER ORIENTATION AND ADVANCEMENT
260 _aNEW DELHI
_bCEGR, BHARTI PUBLICATION
300 _a389p.
942 _cBK
999 _c5509
_d5507